<?xml version="1.0" encoding="UTF-8"?>
<record
    xmlns:xsi="http://www.w3.org/2001/XMLSchema-instance"
    xsi:schemaLocation="http://www.loc.gov/MARC21/slim http://www.loc.gov/standards/marcxml/schema/MARC21slim.xsd"
    xmlns="http://www.loc.gov/MARC21/slim">

  <leader>00669nam a22002057a 4500</leader>
  <controlfield tag="005">20180423141046.0</controlfield>
  <datafield tag="010" ind1=" " ind2=" ">
    <subfield code="a">ENG-122775</subfield>
  </datafield>
  <datafield tag="020" ind1=" " ind2=" ">
    <subfield code="a">9789352803514</subfield>
    <subfield code="c">1095.00</subfield>
  </datafield>
  <datafield tag="035" ind1=" " ind2=" ">
    <subfield code="a">EN-106307</subfield>
  </datafield>
  <datafield tag="037" ind1=" " ind2=" ">
    <subfield code="b">DBAD/PUB</subfield>
  </datafield>
  <datafield tag="082" ind1="0" ind2="0">
    <subfield code="a">302.230951</subfield>
  </datafield>
  <datafield tag="245" ind1="1" ind2="0">
    <subfield code="a">New media and transformation of social life in china /</subfield>
    <subfield code="c">ed. by Xinxum WU; Han Zheng [and] Xiaokun WU</subfield>
  </datafield>
  <datafield tag="260" ind1=" " ind2=" ">
    <subfield code="a"> New Delhi </subfield>
    <subfield code="b">SAGE Publications,</subfield>
    <subfield code="c">2018</subfield>
  </datafield>
  <datafield tag="270" ind1=" " ind2=" ">
    <subfield code="a">B1/I-1 Mohan Cooperative Industrial Area, Mathura Road</subfield>
    <subfield code="b"> New Delhi </subfield>
    <subfield code="e">110044</subfield>
  </datafield>
  <datafield tag="300" ind1=" " ind2=" ">
    <subfield code="a">235p.</subfield>
    <subfield code="c">23 cm.(Hb)</subfield>
  </datafield>
  <datafield tag="700" ind1=" " ind2=" ">
    <subfield code="a">Xinxum WU</subfield>
  </datafield>
  <datafield tag="700" ind1=" " ind2=" ">
    <subfield code="a">Han Zheng </subfield>
  </datafield>
  <datafield tag="700" ind1=" " ind2=" ">
    <subfield code="a">Xiaokun WU</subfield>
  </datafield>
  <datafield tag="942" ind1=" " ind2=" ">
    <subfield code="2">ddc</subfield>
    <subfield code="c">EN</subfield>
    <subfield code="h">302.230951</subfield>
    <subfield code="m">NEW</subfield>
  </datafield>
  <datafield tag="999" ind1=" " ind2=" ">
    <subfield code="c">151679</subfield>
    <subfield code="d">151679</subfield>
  </datafield>
  <datafield tag="952" ind1=" " ind2=" ">
    <subfield code="0">0</subfield>
    <subfield code="1">0</subfield>
    <subfield code="4">0</subfield>
    <subfield code="7">1</subfield>
    <subfield code="8">NFIC</subfield>
    <subfield code="a">DBAD</subfield>
    <subfield code="b">ZLS</subfield>
    <subfield code="d">2018-04-23</subfield>
    <subfield code="e">DBAD/PUB</subfield>
    <subfield code="g">1095.00</subfield>
    <subfield code="l">0</subfield>
    <subfield code="o">302.230951 NEW</subfield>
    <subfield code="p">EN-106307</subfield>
    <subfield code="r">2018-04-23 00:00:00</subfield>
    <subfield code="t">1</subfield>
    <subfield code="v">1095.00</subfield>
    <subfield code="y">EN</subfield>
  </datafield>
</record>
